000 00277nam a22001337a 4500
008 180221b xxu||||| |||| 00| 0 eng d
020 _a9780471717867
041 _aeng
080 _a91
100 _a42
101 _aGEO
245 _aREGIONS
_cMU7LLER.P.O
942 _2udc
_cBK
999 _c43074
_d43074